000 00380 a2200169 4500
001 195102
020 _a978-85-7160-553-4
040 _cMagnum
100 _aLusmar, Leida
240 1 0 _aO barquinho invisível
_lpor
245 1 0 _aO barquinho invisível
300 _a32
362 0 _a2012
440 1 _aMazza Edições
697 _aLITERATURA INFANTO-JUVENIL
942 _cBK
999 _c195102
_d195102